000 00378nam a2200133Ia 4500
008 231129s9999||||xx |||||||||||||| ||spa||
020 _a84-270-0431-1
040 _bspa
082 _a813 A832f
100 _aAsimov Isaac
245 0 _aEl fin de la eternidad
264 _aBarcelona España : Edicones Martí­nez Roca
942 _2ddc
_cBKS
999 _c11091
_d11091